000 00755nam a2200289Ia 4500
005 20260324141148.0
008 008 260324s9999 xx 000 0 eng d
020 _a9781315842332
037 _aEBOOK
040 _aCRL
040 _beng
040 _cCRL
041 _2eng
041 _aeng
084 _qCRL
100 _aJeremy Headley; Alan Griffith
_91207156
245 4 _aThe Procurement and Management of Small Works and Minor Maintenance
245 4 _bThe Principal Considerations for Client Organisations
260 _bTaylor and Francis
260 _c1997
365 _a
365 _b400
856 _uhttp://www.taylorfrancis.com/books/9781315842332
942 _cEBOOK
999 _c1809947
_d1809947